1564 1074 1009 1485 1633 1814 1335 1134 1613 1820 1625 1294 1411 1519 1036 1049 1192 1171 1154 1578 1539 1365 1213 1217 1369 1598 1027 1105 1302 1884 1658 1940 1057 1051 1768 1000 1019 1180 1866 1059 1434 1230 1549 1901 1960 1190 1717 1467 1240 1988 1146 1315 1353 1400 1892 1454 1116 1789 1018 1517 1473 1595 1837 1965 1580 1085 1940 1893 1895 1511 1752 1113 1649 1535 1591 1646 1759 1253 1303 1672 1170 1610 1157 1402 1796 1840 1879 1417 1856 1195 1003 1510 1081 1357 1982 1268 1786 1261 1382 BCNSPRNW ULIB Ver.6.0+V

เปลี่ยนเป็นภาษาไทย

Change to English
 แสดงรายละเอียดบรรณานุกรม
  กลับหน้าหลัก

Brief Record : Get Marc (ISO 2709) : E-mail record : QR code < ปิดหน้าต่าง
LEADER : 00000nam 2200000uu 4500
001    13399109894
003     ULIB
008    110418s2551||||th 000 0 tha d
020    9789747152784
060 04 WD300^bส731ร 2551
100 0  สิรินันท์ บุญยะลีพรรณ
245 10 โรคภูมิแพ้ =^bAllergy /^cสิรินันท์ บุญยะลีพรรณ, เฉลิมชัยบุญยะลีพรรณ
246 31 Allergy
250    พิมพ์ครั้งที่ 13
260    กรุงเทพฯ :^bรักษ์ลุกบุ๊กส์,^c2551
300    295 หน้า :^bภาพประกอบ ;^c21 ซม.
440  0 ชุดโรคภัยใกล้ตัว ;^vลำดับที่ 1
650  7 ภูมิแพ้
650  7 โพรงจมูกอักเสบ
650  7 หืด
700 0  เฉลิมชัย บุญยะลีพรรณ
945    ^p245^l0^i028904
945    ^p245^l0^i028327
945    ^p245^l0^i028326
945    ^p245^l0^i024735
945    ^p245^l0^i024733
945    ^p245^l0^i024732
945    ^p245^l0^i024731
945    ^p245^l0^i028905
945    ^p245^l0^i024734
995    ทศพร
999 ^a ใช้งานได้ทุกระบบ
รายการนี้ยังไม่มีแท็ก
คุณยังไม่ได้ล็อกอิน คุณสามารถมีกิจกรรมร่วมกับเว็บไซต์ได้ แต่ต้องล็อกอินก่อน ::
  ล็อกอิน

รายการสื่อสารสนเทศ

ลำดับที่ ประเภท เลขเรียก/บาร์โค้ด สถานที่ สถานะ
- ไม่พบข้อมูล -

รายการใกล้เคียง
    ผู้แต่ง [สิรินันท์ บุญยะลีพรรณ]

    หัวเรื่อง [ภูมิแพ้]
    หัวเรื่อง [โพรงจมูกอักเสบ]
    หัวเรื่อง [หืด]

BibComment


ยังไม่เคยถูกคอมเมนท์

คอมเมนท์ทรัพยากรรายการนี้
  คอมเมนท์: โรคภูมิแพ้ Aller..


 Copyright 2026. Bcnsprnw @Library